KOHA-Header-6

MCSA/MCSE Windows Server 2003 Environment Management and Maintenance Study Guide (Record no. 8890)

000 -LEADER
fixed length control field 00319nam a2200109Ia 4500
100 ## - MAIN ENTRY--AUTHOR NAME
Personal name Donald, Chellis
245 #0 - TITLE STATEMENT
Title MCSA/MCSE Windows Server 2003 Environment Management and Maintenance Study Guide
260 ## - PUBLICATION, DISTRIBUTION, ETC. (IMPRINT)
Place of publication New York
Name of publisher Viva Books
Year of publication 208
300 ## - PHYSICAL DESCRIPTION
Number of Pages 1998
942 ## - ADDED ENTRY ELEMENTS (KOHA)
Koha item type Books
Holdings
Withdrawn status Lost status Collection code Permanent Location Current Location Shelving location Date acquired Full call number Accession Number Koha item type
    Computer Networking MAJU MAJU   2019-09-14 940 4009 Computer Networking

Powered by Koha